Becoming a Desister: Exploring the Role of Agency, Coping and Imagination in the Construction of a New Self

Gespeichert in:  
Bibliographische Detailangaben
1. VerfasserIn: Healy, Deirdre (Verfasst von)
Medienart: Druck Aufsatz
Sprache:Englisch
Veröffentlicht: 2014
In: The British journal of criminology
Jahr: 2014, Band: 54, Heft: 5, Seiten: 873-891
Verfügbarkeit prüfen: HBZ Gateway
Schlagwörter:

MARC

LEADER 00000caa a2200000 c 4500
001 1641023716
003 DE-627
005 20240627140938.0
007 tu
008 141104s2014 xx ||||| 00| ||eng c
035 |a (DE-627)1641023716 
035 |a (DE-576)416502016 
035 |a (DE-599)BSZ416502016 
040 |a DE-627  |b ger  |c DE-627  |e rakwb 
041 |a eng 
100 1 |a Healy, Deirdre  |0 (DE-588)142422959  |0 (DE-627)704224062  |0 (DE-576)330618326  |4 aut 
109 |a Healy, Deirdre 
245 1 0 |a Becoming a Desister  |b Exploring the Role of Agency, Coping and Imagination in the Construction of a New Self  |c Deirdre Healy 
264 1 |c 2014 
336 |a Text  |b txt  |2 rdacontent 
337 |a ohne Hilfsmittel zu benutzen  |b n  |2 rdamedia 
338 |a Band  |b nc  |2 rdacarrier 
650 4 |a Desistance 
650 4 |a Handlungsfähigkeit 
650 4 |a Bewältigungsverhalten 
650 4 |a Selbstkonzeptbildung 
651 4 |a Irland 
773 0 8 |i In  |t The British journal of criminology  |d Oxford : Univ. Press, 1960  |g 54(2014), 5, Seite 873-891  |w (DE-627)129851361  |w (DE-600)280389-6  |w (DE-576)015150712  |x 0007-0955  |7 nnas 
773 1 8 |g volume:54  |g year:2014  |g number:5  |g pages:873-891 
951 |a AR 
ELC |b 1 
LOK |0 000 xxxxxcx a22 zn 4500 
LOK |0 001 3303425507 
LOK |0 003 DE-627 
LOK |0 004 1641023716 
LOK |0 005 20240627140938 
LOK |0 008 141104||||||||||||||||ger||||||| 
LOK |0 040   |a DE-21-110  |c DE-627  |d DE-21-110 
LOK |0 852   |a DE-21-110 
LOK |0 852 1  |m p  |9 00 
LOK |0 938   |k p 
LOK |0 939   |a 04-11-14  |b l01 
ORI |a SA-MARC-krimdoka001.raw